| 000 | 00380nam a22001577a 4500 | ||
|---|---|---|---|
| 020 | _a9788126512652 | ||
| 040 | _cNUST | ||
| 082 | _a621.3822 HAY | ||
| 100 | _aHaykin, Simon | ||
| 110 |
_aVeen, Barry Van _991978 |
||
| 245 | _aSignals and Systems | ||
| 250 | _a2nd Edition | ||
| 260 |
_aNew Delhi: _bWilley, _c2014. |
||
| 650 |
_aSignals and Systems _957044 |
||
| 942 |
_2ddc _cBK |
||
| 999 |
_c590093 _d590093 |
||